Quem tem medo de monstro? (Record no. 133118)

MARC details
000 -LÍDER
campo de controle de tamanho fixo 00474 a2200193 4500
001 - NÚMERO DE CONTROLE
campo de controle 133118
020 ## - ISBN - INTERNATIONAL STANDARD BOOK NUMBER
ISBN - International Standard Book Number 85-260-0722-X
040 ## - FONTE DA CATALOGAÇÃO
Instituição que transcreveu o registro Leonardo Da Vinci
041 ## - CÓDIGO DE IDIOMA
Código do idioma do texto/trilha sonora ou título diferente Português
082 ## - CDD - CLASSIFICAÇÃO DECIMAL DE DEWEY
Número de Classificação I R576q
Número do exemplar R576q
100 ## - ENTRADA PRINCIPAL--NOME PESSOAL
Nome pessoal ROCHA, Ruth
245 ## - TÍTULO
Título Quem tem medo de monstro?
250 ## - EDIÇÃO
Edição 3.ed
260 ## - PUBLICAÇÃO, DISTRIBUIÇÃO, ETC.
Nome do editor, distribuidor, etc. Global
Data da publicação, distribuição, etc. 2002
Local de publicação, distribuição, etc. São Paulo
362 ## - DATAS DE PUBLICAÇÃO E/OU DESIGNAÇÃO SEQUENCIAL
Datas de publicação e/ou designação sequencial 20020000
500 ## - NOTA GERAL
Nota geral Mariana Massarani (Ilustração)
697 ## - ENTRADA DE ASSUNTO LOCAL--ENTIDADE COLETIVA (RLIN)
Nome corporativo ou nome da jurisdição Literatura infantil
-- Medo
-- Monstro
942 ## - ELEMENTOS DE ENTRADA ADICIONADOS (KOHA)
Tipo de material Koha Livros
Holdings
Situação do descarte Situação das perdas Situação física Não pode ser emprestado Biblioteca de origem Biblioteca atual Data de aquisição Total de empréstimos Número de chamada completo Código de barras Data de último acesso Data do preço efetivo Tipo de material Koha
        Leonardo Da Vinci - Osasco Leonardo Da Vinci - Osasco 27/03/2024   I R576q O006210 27/03/2024 27/03/2024 Livros